Electromagnetic Fields and Waves (Record no. 1624)

MARC details
000 -LEADER
fixed length control field 00364nam a2200145Ia 4500
008 - FIXED-LENGTH DATA ELEMENTS--GENERAL INFORMATION
fixed length control field 191201s2005 xx 000 0 und d
082 ## - DEWEY DECIMAL CLASSIFICATION NUMBER
Classification number 621.38214
Item number SAE
100 ## - MAIN ENTRY--PERSONAL NAME
Personal name SARWATE, V V
245 #0 - TITLE STATEMENT
Title Electromagnetic Fields and Waves
250 ## - EDITION STATEMENT
Edition statement 1st
260 ## - PUBLICATION, DISTRIBUTION, ETC. (IMPRINT)
Place of publication, distribution, etc N.Delhi
Name of publisher, distributor, etc New Age International Pub
Date of publication, distribution, etc 2005
300 ## - PHYSICAL DESCRIPTION
Extent 457
650 ## - SUBJECT ADDED ENTRY--TOPICAL TERM
Topical term or geographic name as entry element B.Tech(ECE)
942 ## - ADDED ENTRY ELEMENTS (KOHA)
Source of classification or shelving scheme Dewey Decimal Classification
Koha item type Text Books
Holdings
Withdrawn status Lost status Source of classification or shelving scheme Damaged status Not for loan Collection code Home library Current library Date acquired Source of acquisition Cost, normal purchase price Bill Number Total Checkouts Full call number Acc. no. / Barcode Date last seen Bill Date Koha item type Checked out Date last borrowed
    Dewey Decimal Classification     B.Tech(ECE) PIET C-LIBRARY PIET C-LIBRARY 19/08/2006 M/s UDH , Delhi 175.00 125382   621.38214 SAE 2826 04/12/2019 23/08/2005 Text Books    
    Dewey Decimal Classification     B.Tech(ECE) PIET C-LIBRARY PIET C-LIBRARY 19/08/2006 M/s UDH , Delhi 175.00 125382 3 621.34 SAE 2827 04/02/2026 23/08/2005 Text Books 24/08/2026 04/02/2026
    Dewey Decimal Classification     B.Tech(ECE) PIET C-LIBRARY PIET C-LIBRARY 19/08/2006 M/s UDH , Delhi 175.00 125382   621.38214 SAE 2828 04/12/2019 23/08/2005 Text Books    

Design & Developed by: PIET Central Library
R70 Miles Stone Pattikalyana Samalkha Panipat 132102
mail ID :- [email protected], Phone No:- 0180-2569700 Ex.216